000 00388nam a2200121Ia 4500
008 220217s9999 xx 000 0 und d
245 0 _aMethods of test for natural rubber. Part VI. Determination of rubber hydrocarbon. (Second Revision).
260 _c1988
500 _aStandard number: IS 3660 Part VI
650 _aNatural rubber
650 _aRubber hydrocarbon content
942 _cST
999 _c73734
_d73734